Norma Chilena Oficial NCh 415. Of63
Guardat en:
| Autor corporatiu: | , |
|---|---|
| Format: | Llibre |
| Idioma: | espanyol |
| Publicat: |
Santiago
Instituto Nacional de Normalización
1963
|
| Edició: | 1a. ed |
| Matèries: | |
| Etiquetes: |
Afegir etiqueta
Sense etiquetes, Sigues el primer a etiquetar aquest registre!
|
MARC
| LEADER | 00000nam a2200000 a 4500 | ||
|---|---|---|---|
| 001 | UCK6040 | ||
| 003 | CL-VaPUC | ||
| 008 | 050902e19630000CL |||||||||||||||||spa|d | ||
| 082 | 0 | 4 | |a 628.161 |b INS |2 21 |
| 110 | 2 | |a Instituto Nacional de Normalización |e author |9 495112 | |
| 710 | 2 | |a INN |e author |9 495113 | |
| 245 | 1 | 0 | |a Norma Chilena Oficial NCh 415. Of63 |
| 246 | 1 | 0 | |a Agua para fines industriales - ensayos - determinación de la alcalinidad |
| 250 | |a 1a. ed | ||
| 300 | |a 6 p | ||
| 942 | |c BK | ||
| 945 | |d 20050902 00:00:00 |a jcarroza | ||
| 260 | |a Santiago |b Instituto Nacional de Normalización |c 1963 | ||
| 650 | 0 | |a Agua |9 257149 | |
| 650 | 0 | |a Ingeniería ambiental |9 328689 | |
| 650 | 0 | |a Análisis químico |9 344456 | |
| 650 | 0 | |a Agua industrial |9 363981 | |
| 650 | 7 | |a NORMAS |2 CL-VaPUC |9 259606 | |
| 583 | |a last modification |c 20050902 00:00:00 |k Rodrigo Vera | ||
| 999 | |c 314435 |d 314433 | ||